(Registro nro. 1705)

Detalles MARC
000 -CABECERA
campo de control de longitud fija 01656nam a22002654a 4500
003 - IDENTIFICADOR DEL NÚMERO DE CONTROL
campo de control AR-RoIUNI
005 - FECHA Y HORA DE LA ÚLTIMA TRANSACCIÓN
campo de control 20160425115334.0
007 - CAMPO FIJO DE DESCRIPCIÓN FÍSICA--INFORMACIÓN GENERAL
campo de control de longitud fija ta
008 - DATOS DE LONGITUD FIJA--INFORMACIÓN GENERAL
campo de control de longitud fija 150616s2012 ag r 000 0 spa d
020 ## - NÚMERO INTERNACIONAL ESTÁNDAR DEL LIBRO
Número Internacional Estándar del Libro 9789505571284
040 ## - FUENTE DE LA CATALOGACIÓN
Centro/agencia transcriptor
080 ## - NÚMERO DE LA CLASIFICACIÓN DECIMAL UNIVERSAL
Número de la Clasificación Decimal Universal 130.1
100 1# - ENTRADA PRINCIPAL--NOMBRE DE PERSONA
Nombre de persona Hegel, Georg Wilhelm Friedrich,‏
Fechas asociadas al nombre 1770-1831.
245 10 - MENCIÓN DE TÍTULO
Título Fenomenología del espíritu /
Mención de responsabilidad, etc. G.W.F. Hegel.
250 ## - MENCIÓN DE EDICIÓN
Mención de edición 1a ed., 4a reimpr.
260 ## - PUBLICACIÓN, DISTRIBUCIÓN, ETC. (PIE DE IMPRENTA)
Lugar de publicación, distribución, etc. Buenos Aires :
Nombre del editor, distribuidor, etc. Fondo de Cultura Económica,
Fecha de publicación, distribución, etc. 2012.
300 ## - DESCRIPCIÓN FÍSICA
Dimensiones 483 p. ;
Extensión 21 cm.
490 0# - MENCIÓN DE SERIE
Mención de serie Sección de obras de filosofía
500 ## - NOTA GENERAL
Nota general Traducción de Wenceslao Roces con la colaboración de Ricardo Guerra.
505 2# - NOTA DE CONTENIDO CON FORMATO
Nota de contenido con formato I. La certeza sensible o el "esto" y la "suposición" -- II. La percepción, o la cosa y la "ilusión" -- III. Fuerza y entendimiento, fenómeno y mundo suprasensible -- IV. La verdad de la certeza de sí mismo -- A. independencia y sujecíon de la autoconciencia; señorío y servidumbre -- B. Libertad de la autoconciencia; estoicismo; escepticismo y la cociencia desventurada -- V. Certeza y verdad de la razón -- A. Razón observante -- B. La realización de la autoconciencia racional por si misma -- C. La individualidad que es por sí real (rell) en y para sí misma -- VI. El espíritu -- A. El espíritu verdadero, la eticidad -- B. El espíritu extrañado de si mismo; la cultura -- C. El espíritu cierto de sí mismo, la moralidad -- VII. La religión -- A. religión natural -- B. La religión del arte -- C. La religión revelada -- VIII. El saber absoluto.
650 #4 - PUNTO DE ACCESO ADICIONAL DE MATERIA--TÉRMINO DE MATERIA
Término de materia o nombre geográfico como elemento inicial PSICOLOGÍA
650 #4 - PUNTO DE ACCESO ADICIONAL DE MATERIA--TÉRMINO DE MATERIA
Término de materia o nombre geográfico como elemento inicial FILOSOFÍA
650 #4 - PUNTO DE ACCESO ADICIONAL DE MATERIA--TÉRMINO DE MATERIA
Término de materia o nombre geográfico como elemento inicial FILOSOFÍA DEL ESPÍRITU
942 ## - ELEMENTOS DE PUNTO DE ACCESO ADICIONAL (KOHA)
Tipo de ítem Koha Libros
Fuente del sistema de clasificación o colocación Clasificación Decimal Universal
Existencias
Estado de retiro Estado de pérdida Fuente del sistema de clasificación o colocación Estado dañado Excepción de préstamo Código de colección Localización permanente Ubicación/localización actual Ubicación en estantería Fecha de adquisición Número de inventario Total de préstamos Signatura topográfica completa Código de barras Fecha visto por última vez Fecha del último préstamo Precio válido a partir de Tipo de ítem Koha
    Clasificación Decimal Universal     Psicología BIBLIOTECA RIOBAMBA BIBLIOTECA RIOBAMBA BIBLIOTECA RIOBAMBA 16/06/2015 1706 3 130.1 HEG 1706 30/09/2019 30/09/2019 16/06/2015 Libros